| 000 | 00667nam a2200217 a 4500 | ||
|---|---|---|---|
| 001 | 000021691 | ||
| 005 | 20240510073816.0 | ||
| 008 | 100910s1992 dr a 000 0 spa d | ||
| 040 |
_aDO-SdBNP _bspa _cBNPHU |
||
| 082 |
_a146.3 _bG633d, 1992 |
||
| 100 | 1 |
_aGómez Fermín, Luis B. _945119 |
|
| 245 | 1 | 0 |
_aDel ser al infinito / _cLuis B. Gómez Fermín. |
| 250 | _a2ª ed. | ||
| 260 |
_aSanto Domingo : _bFuente, _c1992. |
||
| 300 |
_axii, 186 p. : _bil. ; _c22 cm. |
||
| 504 | _aBibliografía : p. 183-184 | ||
| 590 | _aInventariado, 2018/LP | ||
| 650 | 0 |
_aFilosofía _9813 |
|
| 650 | 4 |
_aMaterialismo dialéctico _9845 |
|
| 910 | _aValidado. Control de calidad EMS | ||
| 999 |
_c21190 _d21190 |
||